00621nam a2200157 4500008004100000082001300041110002900054245005600083260002800139440013100167650002000298700003000318942000700348952009300355999001500448231225b |||||||| |||| 00| 0 eng d a323bINI aINASIA-SCN research team aA new approach to the understanding of child rights aColombo:bINASIA,c2000 aRelevance and expression of child rights in contemporary Sri Lanka- A set of exploratory, micro-level, sociological studiesv1 aCHILDREN RIGHTS aFernando, Vijithaetrans. cRP 00102ddc4070aMAINbMAINd2023-12-25l0o323 INIpRAF4619r2023-12-25w2023-12-25yRP c4559d4559